[Event "TUR-chT Clubs"]
[Site "Konya"]
[Date "2019.07.21"]
[Round "9.15"]
[White "Cerci, Kayra"]
[Black "Turk, Alp"]
[Result "1-0"]
[WhiteElo "1109"]
[BlackElo "1222"]
[PlyCount "142"]
[EventDate "2019.07.16"]
[EventType "team-swiss"]
[EventRounds "9"]
[EventCountry "TUR"]
[SourceTitle "CBM 191 Extra"]
[Source "ChessBase"]
[SourceDate "2019.09.30"]
[SourceVersion "1"]
[SourceVersionDate "2019.09.30"]
[SourceQuality "1"]
[WhiteTeam "Dumlupinar Turk"]
[BlackTeam "Busan Genclik"]
[WhiteTeamCountry "TUR"]
[BlackTeamCountry "TUR"]

1. e4 c5 2. c3 d6 3. d4 cxd4 4. cxd4 Nf6 5. Nc3 a6 6. Be3 Nbd7 7. Bd3 b5 8. a3 Bb7 9. Nf3 e6 10. 0-0 Be7 11. Qe2 0-0 12. Rac1 Rc8 13. Rfd1 Nb6 14. Nd2 Nc4 15. Nxc4 bxc4 16. Bxc4 Nxe4 17. Nxe4 Bxe4 18. Bxa6 Rxc1 19. Rxc1 Qa5 20. f3 Bd5 21. Bc4 Rc8 22. Bxd5 Rxc1+ 23. Bxc1 Qxd5 24. Be3 Bf6 25. Qc2 h6 26. Qd2 Qa2 27. Qc3 Qa1+ 28. Kf2 Qh1 29. Bf4 Qd1 30. Be3 Qh1 31. Bf4 Qd1 32. Be3 Qh1 33. Kg3 e5 34. Qd2 h5 35. a4 h4+ 36. Kh3 Qa1 37. a5 exd4 38. Bxd4 Bxd4 39. Qxd4 Qxa5 40. Qxd6 Qb5 41. Qd8+ Kh7 42. Qxh4+ Kg8 43. b4 f6 44. Qd4 Qh5+ 45. Kg3 Qg5+ 46. Kf2 Qc1 47. Qd5+ Kh7 48. b5 Qc2+ 49. Ke3 Qc1+ 50. Kd4 Qd2+ 51. Kc5 Qc3+ 52. Kb6 Qe3+ 53. Kc6 Qe8+ 54. Qd7 Qa8+ 55. Kb6 Qb8+ 56. Ka6 Qa8+ 57. Qa7 Qc8+ 58. Qb7 Qe6+ 59. b6 Qc4+ 60. Ka7 Qa4+ 61. Qa6 Qd7+ 62. b7 Qd4+ 63. Ka8 Qd8+ 64. b8Q Qd5+ 65. Ka7 Qd7+ 66. Kb6 Qd4+ 67. Kc6 Qc3+ 68. Kd5 Qd2+ 69. Ke6 Qe3+ 70. Kf7 Qg5 71. Qg8+ Kh6 1-0

[Event "TUR-chT Clubs"]
[Site "Konya"]
[Date "2019.07.17"]
[Round "2.26"]
[White "Bilir, Cemal Arda"]
[Black "Cerci, Kayra"]
[Result "1/2-1/2"]
[WhiteElo "1302"]
[BlackElo "1109"]
[PlyCount "63"]
[EventDate "2019.07.16"]
[EventType "team-swiss"]
[EventRounds "9"]
[EventCountry "TUR"]
[SourceTitle "CBM 191 Extra"]
[Source "ChessBase"]
[SourceDate "2019.09.30"]
[SourceVersion "1"]
[SourceVersionDate "2019.09.30"]
[SourceQuality "1"]
[WhiteTeam "Altin Cocuklar"]
[BlackTeam "Dumlupinar Turk"]
[WhiteTeamCountry "TUR"]
[BlackTeamCountry "TUR"]

1. e4 e5 2. Nf3 Nc6 3. Bb5 a6 4. Ba4 Nf6 5. d3 b5 6. Bb3 Be7 7. 0-0 d6 8. h3 0-0 9. a3 Na5 10. Ba2 c5 11. Re1 h6 12. Be3 Qc7 13. Nc3 Bb7 14. Rc1 Rfe8 15. Qd2 Bf8 16. Nh4 Nc6 17. Nd5 Nxd5 18. Bxd5 Nd4 19. Bxb7 Qxb7 20. Bxd4 cxd4 21. Nf5 Rac8 22. Rf1 Kh7 23. f4 Rc7 24. fxe5 dxe5 25. Qf2 Re6 26. Rfe1 Be7 27. Nxe7 Rcxe7 28. Rf1 Kg8 29. Qd2 Qc8 30. Rf2 Rg6 31. Kh2 Kh8 32. Kh1 1/2-1/2